00754nam a2200205Ia 4500008004100000100002800041245017400069260001100243300002100254440004800275521001000323650001600333650001900349650003500368650001700403650001800420942000700438999001900445952008400464140626s9999 xx 000 0 und d aGarcia-Retamero, Rocio. aEffective communication of risks to young adults :busing message framing and visual aids to increase condom use and STD screening /cRocio Garcia-Retamero ... [et al.]. cc2011. a17 : 3, page 270 aJournal of Experimental Psycholgy : Applied aPSYCH aCondom use. aMessage frame. aSexually Transmitted Diseases. aVisual aids. aYoung adults. cSE c121322d121322 001040aCLbCLcPERd2014-06-26l0pS0430r2014-06-26 00:00:00w2014-06-26ySE